History Quiz

Random History or Nation Quiz

Belgian Ruling Nations Quiz Stats

 Plays Quiz not verified by Sporcle

Also try: 'H' in History
Challenge
Share
Tweet
Embed
Score 0/12 Timer 02:00
0 Plays Today
Period Nation % Correct
1795 - 1815France
97.9%
1940-1945Nazi-Germany
97%
1815 - 1830the Netherlands
96.2%
1914-1918Germany
96.2%
1581 - 1713Spain (Spanish Netherlands)
89.8%
57 BC - 431Roman Empire
80.9%
1713 - 1795Austria (Austrian Netherlands)
71.9%
12th century - 1384Flanders, Brabant, Luxembourg, ...
57.4%
1482 - 1581Seventeen Provinces
57.4%
...- 57 BCBelgae (Celts)
54%
431 - 12th centuryFranks
43%
1384 - 1482Burgundian Netherlands
28.1%

You're not logged in!

Compare scores with friends on all Sporcle quizzes.
Join for Free
OR
Log In

You Might Also Like...

Show Comments

Extras

Top Quizzes Today


Score Distribution

Your Account Isn't Verified!

In order to create a playlist on Sporcle, you need to verify the email address you used during registration. Go to your Sporcle Settings to finish the process.

Report this User

Report this user for behavior that violates our Community Guidelines.

Details: